|
|
|
|
| LEADER |
00000nab a2200000 a 4500 |
| 001 |
vtls000888332 |
| 003 |
SK-MaSNL |
| 005 |
20260304124448.0 |
| 008 |
250429c2004 xo 0 slo |
| 015 |
|
|
|a SNBRB2004/10-30521
|
| 035 |
|
|
|a CLN000239767
|
| 035 |
|
|
|a urn:nbn:sk:snk-ab6y32
|
| 035 |
|
|
|a (uuid)d5841a03-c812-4054-a6ec-f5741d0a8536
|
| 035 |
|
|
|a (urnnbn)urn:nbn:sk:snk:ar-a068is
|
| 035 |
|
|
|a (sysno)vtls000888332
|
| 040 |
|
|
|a SNKBUCL
|b slo
|c SNKBUCL
|e AACR2
|
| 041 |
0 |
|
|a slo
|
| 044 |
|
|
|a xo
|c SK
|
| 080 |
|
|
|a 616.314-089.23:061.3
|2 1997
|
| 100 |
1 |
|
|a Alexandrová, Gabriela
|4 aut
|9 21798
|
| 245 |
1 |
0 |
|a 80. európsky ortodontický kongres - Aarhus (Dánsko)
|c Gabriela Alexandrová
|
| 611 |
1 |
7 |
|a Európsky ortodontický kongres
|n (80. :
|d 2004 :
|c Aarhus, Dánsko)
|2 snkbucl
|9 1435492
|
| 650 |
0 |
7 |
|a kongresy
|2 MESH
|9 19200
|
| 650 |
0 |
7 |
|a ortodoncia
|2 MESH
|9 19517
|
| 650 |
0 |
7 |
|a maloklúzia
|x chirurgia
|2 MESH
|9 843827
|
| 650 |
0 |
7 |
|a náhrada zubná
|x využitie
|x dieťa
|x adolescent
|2 MESH
|9 1435493
|
| 650 |
0 |
7 |
|a rázštep pery
|x chirurgia
|x novorodenec
|2 MESH
|9 1435494
|
| 655 |
|
7 |
|a články z novín a časopisov
|2 snkbucl
|9 267496
|
| 773 |
0 |
|
|t Zubný lekár
|g Roč. 11, č. 9 (2004), s. 10
|x 1335-9223
|
| 850 |
|
|
|a Slovenská národná knižnica
|
| 852 |
|
|
|a Slovenská národná knižnica
|
| 954 |
|
|
|a odborná, vedecká literatúra pôvodná (slovenská)
|2 lita
|
| 958 |
|
|
|a article27
|
| 958 |
|
|
|a MI
|
| 958 |
|
|
|a OND
|
| 958 |
|
|
|a EUIPO
|
| 999 |
|
|
|c 2891406
|d 2893336
|